Sports Quiz

Random Sports or Baseball Quiz

Toronto Blue Jays 2010-2019 A-Z Quiz Stats

 Plays Quiz not verified by Sporcle

Support Sporcle.
Go Orange.
Score 0/22 Timer 04:00
0 Plays Today
Letter Player % Correct
BJose Bautista, Mark Buehrle…
96.7%
SJustin Smoak, Marcus Stroman…
94.1%
GVladimir Guerrero Jr., Randal Grichuk…
92.1%
DJosh Donaldson, R.A. Dickey…
91.4%
EEdwin Encarnacion, Marco Estrada...
90.1%
JDanny Jansen, Casey Janssen…
87.5%
PKevin Pillar, David Price…
84.2%
TTroy Tulowitzki, Devon Travis…
80.9%
MRussell Martin, Kendrys Morales…
79.6%
HJ.A. Happ, Aaron Hill…
77.6%
RColby Rasmus, Ricky Romero…
69.1%
Letter Player % Correct
LAdam Lind, Aaron Loup…
67.1%
WVernon Wells, Jacob Waguespack…
65.8%
OLyle Overbay, Roberto Osuna…
62.5%
CMelky Cabrera, Brett Cecil…
59.2%
AJ.P. Arencibia, Henderson Alvarez III...
46.1%
NDioner Navarro, Jayson Nix...
33.6%
IMaicer Izturis
31.6%
FJuan Francisco, Jason Frasor…
28.9%
KMunenori Kawasaki
27%
UMelvin Upton Jr., Richard Urena
27%
VDanny Valencia, Carlos Villanueva
19.7%

You're not logged in!

Compare scores with friends on all Sporcle quizzes.
OR
Log In

From the Vault

Purple Vegetables

by geshmonkey

Despite their appearance, we can assure you these vegetables are 100% safe to eat...we think.
Remove Ads.
Support Sporcle.
Get the best of Sporcle when you Go Orange. This ad-free experience offers more features, more stats, and more fun while also helping to support Sporcle. Thank you for becoming a member.

Show Comments

Extras

Top Quizzes Today


Score Distribution

Your Account Isn't Verified!

In order to create a playlist on Sporcle, you need to verify the email address you used during registration. Go to your Sporcle Settings to finish the process.

Report this User

Report this user for behavior that violates our Community Guidelines.

Details: